000 01453nam0a22003491 4500
001 RU\NLR\ONIZ\223484
005 20250626111454.0
013 _a979-0-66000-373-2
035 _aRU\NLR\ONIZ\lanatalya\5000005924\20180420152405
035 _a(NLR Aleph) 011688188
090 _a11323484
_c11323484
100 _a20180420d2010 |||y0rusy50 ca
101 0 _arus
102 _aRU
105 _aa ||||000|y
200 1 _aМендельсон-Бартольди Ф. Серьезные вариации. Op. 54
_fМ. Воротной
210 _aСанкт-Петербург
_cКомпозитор-Санкт-Петербург
_d2010
215 _a26, [2] с.
_cил.
_d20 см
225 1 _aМастер-класс на дому
606 1 _aВопросы исполнительства. Фортепиано.
_xКниги.
_yРоссия
_2nlr_sh
606 1 _aПроизведения Ф. Мендельсон-Бартольди
_xВопросы исполнительства
_xКниги
_2nlr_sh
686 _aЩ315.42-712.5
_vLBC/SL
_2rubbk
700 1 _9z01790
_aВоротной
_bМ. В.
_gМихаил Вячеславович
_4070
_7ca
790 1 _9z01700
_aVorotnoj
_bM. V.
_gMichail Vjačeslavovič
_4070
_7ba
801 0 _aRU
_bNLR
_c20180420
_gPSBO
801 1 _aRU
_bNLR
_c20180420
_2rusmarc
801 2 _aRU
_bNLR
_c20180420
852 _aNLR
_bМс
_j53-1/М.501
_t1
_xАэ 11970
942 _cBOOK
980 _aNB
980 _aONIZ